Plus Grandes Villes Grèce - Statistiques

Statistiques générales
  • Ce quiz a été pris 536 fois
  • Le résultat moyen est 4 sur 14
Statistiques - réponses
Ville
Population
(en milliers)
% Correct
Athènes 664
100%
Thessalonique 315
83%
Héraklion 140
56%
Patras 167
41%
Le Pirée 163
40%
Larissa 144
33%
Volos 86
19%
Glyfada 87
9%
Kallithéa 100
8%
Peristéri 139
7%
Acharnes 99
5%
Nikea 89
4%
Ilion 84
2%
Kalamaria 91
2%
Aucun quiz correspondant
Distribution des résultats
% des personnes avec chaque résultat
Percentile par nombre de réponses
Votre historique - résultats
Vous n’avez pas pris ce quiz